Statistics for Holders of the Great Offices of State UK

Click here to take the quiz!

General Stats

  • This quiz has been taken 18 times
    (16 since last reset)
  • The average score is 23 of 39

Answer Stats

% Correct
Margaret Thatcher
100%
Tony Blair
100%
Gordon Brown
100%
David Cameron
100%
Theresa May
100%
Boris Johnson
100%
John Major
100%
Jacqui Smith
85%
George Osborne
77%
Geoffrey Howe
77%
Alan Johnson
77%
Rishi Sunak
77%
Priti Patel
69%
David Miliband
62%
Alistair Darling
62%
Nigel Lawson
62%
Norman Lamont
62%
Sajid Javid
62%
Dominic Raab
54%
Douglas Hurd
54%
Jack Straw
54%
Margaret Beckett
54%
Amber Rudd
46%
Philip Hammond
46%
Kenneth Clarke
46%
Baron Carrington
46%
William Hague
38%
Jeremy Hunt
38%
Robin Cook
38%
Charles Clarke
38%
William Whitelaw
31%
Michael Howard
31%
David Blunkett
31%
John Reid
31%
Francis Pym
31%
Malcolm Rifkind
31%
Leon Brittan
23%
David Waddington
23%
Kenneth Baker
23%

Score Distribution

Percentile by Number Answered

Percent of People with Each Score

Your Score History

You have not taken this quiz since the last reset